000 00941nam a2200241 a 4500
001 001079814
003 AM-YEHGA
005 20260109142159.0
008 150518s1916 ru r 000 0 rus d
040 _aAM-YEHGA
041 0 _arus
041 0 _atur
100 1 _aГордлевский, В.
245 1 0 _aРуководство для изучения османского языка :
_bС ключем. По материалу Г. Еглички /
_cПерераб. по-русски В.А. Гордлевский.
260 _aМосква :
_bТип. бывш. М.О. Аттая (ныне Бархударянц),
_c1916.
300 _a128, 16 с. :
_bтабл. ;
_c26 см.
500 _aБез тит. л., опис. по обл.
546 _aКн. на рус. и осман. яз.
650 1 4 _aТурецкий язык
653 0 _aОсманский язык
700 1 _aЕгличка, Г.
942 _2udc
_cBK
999 _c536541
_d536541